000 00613nam a2200193 u 4500
001 000360459
003 AM-YeHGA
005 20250617131540.0
008 040913s1984 ||| r 000 0 rus d
040 _aAM-YeHGA
041 1 _arus
_hlav
100 1 _aЗиедонис, Имантс
245 1 0 _aЭпифании /
_cИмантс Зиедонис; Пер. с латыш. Ю. Левитанского.
260 _aРига :
_bЛиесма,
_c1984.
300 _a224 с.
_bил.
653 0 _aЛатышская поэзия
700 1 _aЛевитанский, Юрий
_eпер.
_4edt
090 _c139294
999 _c137920
_d137920